Statistics for Top Gear Corner Names

Click here to take the quiz!

General Stats

  • This quiz has been taken 618 times
  • The average score is 3 of 8

Answer Stats

Answer% Correct
Gambon
95%
Hammerhead
85%
Follow Through
68%
Chicago
64%
Bentley
11%
Wilson
9%
Bacharach
6%
Crooner Curve
5%

Score Distribution

Percentile by Number Answered

Percent of People with Each Score

Your Score History

You have not taken this quiz